Hannah Hen gets her revenge

Bibliographic Details
Main Author: Chung, Carole
Format: Book
Published: Petaling Jaya : Penerbit Mega Setia Emas Sdn.Bhd , 2003
Series:Junior steps readers
Subjects:

MARC

LEADER 00000cam a2200000 7i4500
001 0000001382
005 20070718.0
020 |a 9831435532 
090 0 0 |a JP   |b ENG (1608) 
100 1 |a Chung, Carole 
245 1 0 |a Hannah Hen gets her revenge   |c Carole Chung 
260 |a Petaling Jaya :   |b Penerbit Mega Setia Emas Sdn.Bhd ,   |c 2003 
440 |a Junior steps readers 
650 0 |a Animal fiction 
650 0 |a Junior preschool   |x English   |x Languages 
999 |a 0000007497   |b Book   |c Children Collection   |e Cawangan Taman Universiti 
999 |a 0000966840   |b Book   |c Children Collection   |e Perbadanan Perpustakaan Awam Johor 
999 |a 0000966842   |b Book   |c Children Collection   |e Perbadanan Perpustakaan Awam Johor 
999 |a 0000966843   |b Book   |c Children Collection   |e Perbadanan Perpustakaan Awam Johor 
999 |a 0000966844   |b Book   |c Children Collection   |e Perbadanan Perpustakaan Awam Johor 
999 |a 0001045363   |b Book   |c Children Collection   |e Cawangan Bukit Gambir